The dominion and the rising sun: Canada encounters Japan, 1929-41 (Record no. 303241)

MARC details
000 -LEADER
fixed length control field 00918nam a2200253Ia 4500
008 - FIXED-LENGTH DATA ELEMENTS--GENERAL INFORMATION
fixed length control field 191130s2004##################000#0#eng##
020 ## - INTERNATIONAL STANDARD BOOK NUMBER
ISBN 9780774811200
082 ## - DEWEY DECIMAL CLASSIFICATION NUMBER
Classification number 327.7105209043 MEE
100 ## - MAIN ENTRY--AUTHOR NAME
Personal name Meehan, John D
245 ## - TITLE STATEMENT
Title The dominion and the rising sun: Canada encounters Japan, 1929-41
Statement of responsibility, etc John D. Meehan, S.J
260 ## - PUBLICATION, DISTRIBUTION, ETC. (IMPRINT)
Place of publication Vancouver
Name of publisher [publisher not identified]
Year of publication c2004
300 ## - PHYSICAL DESCRIPTION
Number of Pages xii, 250 p. : ill., maps, ports. ; 24 cm
500 ## - GENERAL NOTE
General note Includes index
650 ## - SUBJECT ADDED ENTRY--TOPICAL TERM
Topical Term Canada -- Foreign relations -- 1918-1945
Topical Term Canada -- Foreign relations -- Japan
Topical Term Canada -- Relations extérieures -- 1918-1945
Topical Term Canada -- Relations extérieures -- Japon
Topical Term Japan -- Foreign relations -- 1912-1945
Topical Term Japan -- Foreign relations -- Canada.
991 ## -
-- 134118
Holdings
Withdrawn status Lost status Damaged status Not for loan Home library Current library Shelving location Date acquired Full call number Accession Number Price effective from Koha item type
        Anna Centenary Library Anna Centenary Library 3RD FLOOR, B WING 15.10.2020 327.7105209043 MEE 418695 15.10.2020 English Books

Find us on the map